000 00327nam a22001457a 4500
008 230413b ||||| |||| 00| 0 eng d
020 _a9780534146467
041 _aeng
080 _2THIRD EDITION
_a72
082 _a72LEV
100 _a24
101 _aSOCIOL
245 _aSOCIOLOGICAL IDEAS
_cLEVIN .C.W
942 _2udc
_cBK
999 _c59529
_d59529